Francesco Cossiga - Statistics

Statistiche generali
  • Questo quiz è stato fatto 11 volte
  • Il punteggio medio è 5 su 10
Statistiche sulle risposte
Anni Carica ricoperta % Corretto
1985-1992 Presidente della Repubblica
100%
1958-1983 Deputato
80%
1976-1978 Ministro dell'interno
80%
1979-1980 Presidente del consiglio dei ministri
70%
1992-2010 Senatore a vita
70%
1979-1979 Ministro degli esteri
50%
1983-1985 Presidente del Senato
40%
1980-1980 Presidente del consiglio europeo
20%
1974-1976 Ministro per la pubblica amministrazione
10%
1966-1970 Sottosegretario di stato del ministero della difesa
10%
Nessun quiz corrispondente trovato
Distribuzione punteggi
Percentuale di utenti per punteggio
Percentile per numero di risposta
I tuoi punteggi nel tempo
Non hai fatto questo quiz